| 000 -LEADER | |
|---|---|
| fixed length control field | 00940cam a2200277 i 4500 |
| 001 - CONTROL NUMBER | |
| control field | 17569556 |
| 003 - CONTROL NUMBER IDENTIFIER | |
| control field | OSt |
| 005 - DATE AND TIME OF LATEST TRANSACTION | |
| control field | 20250420134815.0 |
| 008 - FIXED-LENGTH DATA ELEMENTS--GENERAL INFORMATION | |
| fixed length control field | 121220s2012 enka 001 0 eng |
| 010 ## - LIBRARY OF CONGRESS CONTROL NUMBER | |
| LC control number | 2012406769 |
| 020 ## - INTERNATIONAL STANDARD BOOK NUMBER | |
| International Standard Book Number | 9780199655823 (pbk.) |
| 040 ## - CATALOGING SOURCE | |
| Original cataloging agency | DLC |
| Language of cataloging | eng |
| Transcribing agency | KCST |
| 050 00 - LIBRARY OF CONGRESS CALL NUMBER | |
| Classification number | HD69.P75 |
| Item number | O95 2012 |
| 082 ## - DEWEY DECIMAL CLASSIFICATION NUMBER | |
| Classification number | 658.404 |
| Item number | Ox |
| 245 04 - TITLE STATEMENT | |
| Title | The oxford handbook of project management / |
| Statement of responsibility, etc. | Edited by Peter Morris, Jeffrey Pinto and Jonas Söderlund. |
| 246 30 - VARYING FORM OF TITLE | |
| Title proper/short title | Project management |
| 260 ## - PUBLICATION, DISTRIBUTION, ETC. | |
| Place of publication, distribution, etc. | Oxford : |
| Name of publisher, distributor, etc. | Oxford University Press, |
| Date of publication, distribution, etc. | 2012. |
| 300 ## - PHYSICAL DESCRIPTION | |
| Extent | xx, 550 pages : |
| Other physical details | illustrations; |
| Dimensions | 25 cm |
| 504 ## - BIBLIOGRAPHY, ETC. NOTE | |
| Bibliography, etc. note | Includes bibliographical references and indexes. |
| 650 #0 - SUBJECT ADDED ENTRY--TOPICAL TERM | |
| Topical term or geographic name entry element | Project management. |
| 9 (RLIN) | 33 |
| 700 1# - ADDED ENTRY--PERSONAL NAME | |
| Personal name | Morris, Peter W. G., |
| Relator term | editor of compilation. |
| 9 (RLIN) | 4878 |
| 700 1# - ADDED ENTRY--PERSONAL NAME | |
| Personal name | Pinto, Jeffrey K., |
| Relator term | editor of compilation. |
| 9 (RLIN) | 4879 |
| 700 1# - ADDED ENTRY--PERSONAL NAME | |
| Personal name | Söderlund, Jonas, |
| Relator term | editor of compilation. |
| 9 (RLIN) | 4880 |
| 942 ## - ADDED ENTRY ELEMENTS (KOHA) | |
| Koha item type | Book |
| 942 ## - ADDED ENTRY ELEMENTS (KOHA) | |
| Source of classification or shelving scheme | Dewey Decimal Classification |
| Withdrawn status | Lost status | Source of classification or shelving scheme | Damaged status | Not for loan | Home library | Current library | Date acquired | Cost, normal purchase price | Total checkouts | Full call number | Barcode | Date last seen | Price effective from | Koha item type |
|---|---|---|---|---|---|---|---|---|---|---|---|---|---|---|
| Dewey Decimal Classification | KCST Library | KCST Library | 04/08/2020 | 12.20 | 658.404 Ox | 1000000637 | 04/08/2020 | 04/08/2020 | Handbook |